Регионална библиотека "Любен Каравелов" - Русе

Неспокойни думи (Запис номер 114280)

MARC детайли
000 -Лидер
Контролно поле с фиксирана дължина 02371nam a2200481 c 4500
003 - Код на организацията, давaща контролен номер
Контролно поле BLK
005 - Дата и час на последна редакция
Контролно поле 20240227005323.0
008 - Елементи от данни с фиксирана дължина
fixed length control field 180409b bul|||||r ||||||| ||bul||
010 ## - Наследен системен номер
LC control number KNG00119711000
020 ## - Международен стандартен номер на книга ISBN
Международен стандартен номер на книга ISBN 978-954-723-028-6
-- издат.: Тип-топ прес
040 ## - Източник на каталожния запис
Идентификатор на билиотеката - собственик на записа BLK
041 ## - Код за език
Код за езика на текст/звукозапис или на отделно заглавие Български
Код за езика КДБФ Български
072 #7 - Код за тематичната категория
Код организация bullib
Код за тематична категория Н00
Текст Общ отдел Н
080 ## - УДК
Текстов определител УДК Редакционни работници. Журналисти
УДК код - определител по УДК 070.42
УДК определител (497.2)(092)(093.3)
УДК - код + определител 070.42(497.2)(092)(093.3)
080 ## - УДК
Текстов определител УДК Български журналист
УДК код - определител по УДК 929 Димитров, Лалю Иванов
УДК определител
УДК - код + определител 929 Димитров, Лалю Иванов
100 1# - Редна дума - Автор
Автор Димитров, Лалю Иванов
Авторска отговорност първи автор
R(LIN) 294254
139 ## - Редно поле
Редна дума Димитров, Лалю Иванов
Авторски знак Дими - Д 58
245 10 - Сведения за заглавието
Заглавие Неспокойни думи
Редно поле (дума) Лалю Иванов Димитров; състав., ред. и послесл. Любен Генов; * Тодор Георгиев Абазов; * Добри Жотев; * Петко Тотев; * Добри Александров Димитров; * Петко Тотев Петков.
257 ## - Страна на издаване
Страна на създаване/издаване България
260 ## - Област на издателските данни
-- София
Име на издателя, разпространителя и проч. Тип-топ прес
Година на издаване 2008
300 ## - Физическа характеристика
Страници 199 с.
Илюстрации и др. с ил.
Размери/Мащаб 21 см
380 ## - Жанр
Жанр Общ отдел
600 14 - Име на лице, използвано като предмет
За него / За нея Димитров, Лалю Иванов
9 (RLIN) 376177
650 #4 - Допълнително описание по предмет – тема
Основно описание – тема или топоним Димитров, Лалю Иванов - спомени
9 (RLIN) 313365
650 #4 - Допълнително описание по предмет – тема
Основно описание – тема или топоним Журналисти, български - спомени
9 (RLIN) 245648
651 #4 - Допълнително описание по предмет - топоним
Географско понятие България
9 (RLIN) 241624
653 ## - Ключова дума – ненормативна
Ключова дума Лалю Димитров
653 ## - Ключова дума – ненормативна
Ключова дума журналисти
653 ## - Ключова дума – ненормативна
Ключова дума спомени
659 ## - Тематичен бюлетин
Тематичен бюлетин Н
700 1# - Други автори (авторска отговорност)
Лично име Генов, Любен
Автороска отговорност (Описва отношението между автора и произведението) състав., ред. и послесл.
9 (RLIN) 376174
700 1# - Други автори (авторска отговорност)
Лично име Абазов, Тодор Георгиев
Автороска отговорност (Описва отношението между автора и произведението) *
9 (RLIN) 369010
700 ## - Други автори (авторска отговорност)
Лично име Жотев, Добри
Друга информация Поет, писател.
Дати, свързани с автора 1921-1997
Пълна форма на името Димитров, Добри Александров
9 (RLIN) 251874
700 1# - Други автори (авторска отговорност)
Лично име Тотев, Петко
Автороска отговорност (Описва отношението между автора и произведението) *
9 (RLIN) 365669
700 1# - Други автори (авторска отговорност)
Лично име Димитров, Добри Александров
Автороска отговорност (Описва отношението между автора и произведението) *
9 (RLIN) 376176
700 1# - Други автори (авторска отговорност)
Лично име Петков, Петко Тотев
Автороска отговорност (Описва отношението между автора и произведението) *
9 (RLIN) 297031
852 ## - Местоположение
Форматна сигнатура Цб 248642
856 4# - Електронен адрес и достъп
Електронен формат pdf - файл
Път до файла /url/
856 4# - Електронен адрес и достъп
Електронен формат pdf - файл
Път до файла /url/
942 ## - АРТИКУЛИ
Вид на библиотечния материал Книги
Скрит в OPAC Не
944 ## - СЪЗДАВАНЕ И РЕДАКЦИЯ на ЗАПИСА
Създаване/Редакция Създаване
Дата на регистрацията/редакция 16.09.2010
Статус, дата на статуса CRON CRON
Служител, извършил регистрацията/редакцията
944 ## - СЪЗДАВАНЕ И РЕДАКЦИЯ на ЗАПИСА
Създаване/Редакция Редакция
Дата на регистрацията/редакция 16.09.2010
Статус, дата на статуса ф / 15.09.2010
Служител, извършил регистрацията/редакцията
999 ## - СИСТЕМНИ КОНТРОЛНИ НОМЕРА
Koha biblionumber 114280
Koha biblioitemnumber 114280
Наличности
Код за отписване Код за изгубен артикул Код за повреда Коз за рестрикции Код за отдаване Артикулен № Име на библиотеката - собственик Име на библиотеката, в която се намира в момента Статус (Текущо местоположение) Дата на вписване в системата Местоположение - отдел Цена в лева Инвентарен номер Систематично азбучна сигнатура Баркод Номер на екземпляра Цена в евро Служебна бележка Служебен тип на артикула
  Не е изгубен Не е повреден без рестрикции ползва се в читалня 182788 Регионална библиотека "Любен Каравелов" Русе Регионална библиотека "Любен Каравелов" Русе Хранилище 2010-09-02 Хранилище 8.00 120000745437 Цб 248642 120000745437 1 4.09 Дост: Dp Вид: Д N: 50 Дата: 02.12.2009 Книги
Vip Innovations Ltd, Rousse, Bulgaria 2025